[Event "Deutsche Einzelmeisterschaft"]
[Site "Bad Königshofen"]
[Date "2007.01.22"]
[Round "4.8"]
[White "Fischer, Thomas"]
[Black "Schellmann, Frank"]
[Result "1-0"]
[WhiteElo "2045"]
[BlackElo "2107"]
[PlyCount "133"]
[EventDate "2007.??.??"]

1. d4 f5 2. Bf4 Nf6 3. e3 g6 4. Nd2 Bg7 5. Bc4 e6 6. Ngf3 O-O 7. h3 Kh8 8. c3
d6 9. O-O Qe7 10. Bh2 Nc6 11. Bb3 e5 12. dxe5 dxe5 13. Nc4 Ne4 14. Qe2 g5 15.
Bc2 Nd6 16. Nfd2 Be6 17. Nxd6 cxd6 18. f4 gxf4 19. exf4 e4 20. Qe3 Rad8 21.
Rad1 Rc8 22. Nb3 Bc4 23. Rf2 d5 24. Rfd2 b6 25. Kh1 Rc7 26. Bg1 Rd7 27. Qg3 Rg8
28. Qe3 Bf6 29. Nc1 Bh4 30. Bf2 Bxf2 31. Rxf2 Qh4 32. Kh2 Rdg7 33. Ne2 Bxe2 34.
Rxe2 Rg3 35. Qd2 e3 36. Qxd5 Qxf4 37. Kh1 Ne5 38. Qd4 Qxd4 39. Rxd4 Rf8 40. Kh2
f4 41. Rxf4 Rxg2+ 42. Kxg2 Rxf4 43. Rxe3 Nf7 44. Rf3 Rxf3 45. Kxf3 Kg7 46. Kf4
h6 47. Bb3 Nd6 48. Ke5 Nb7 49. Bc2 Kf7 50. b4 Ke7 51. Kf5 a5 52. Kg6 Nd6 53.
Kxh6 Kf6 54. bxa5 bxa5 55. Kh5 Nb5 56. c4 Nc3 57. a4 Ne2 58. Kg4 Nd4 59. Bb1
Nc6 60. c5 Ke5 61. h4 Kd4 62. h5 Kxc5 63. h6 Ne5+ 64. Kf5 Nf7 65. h7 Kb4 66.
Kf6 Nh8 67. Kg7 1-0